Die 10 erfolgreichsten Filme - Buchstabe B - Statistiken

Allgemein
  • Dieses Quiz wurde 33 mal gespielt
  • Das Durchschnittsergebnis liegt bei 2 aus 10
Antwortstatistiken
Platz Filmtitel % Korrekt
#7 The Batman
66%
#8 Bumblebee
53%
#1 Barbie
25%
#6 Batman v Superman: Dawn of Justice
16%
#2 Black Panther
16%
#3 Beauty and the Beast
13%
#9 The Boss Baby
13%
#4 Black Panther: Wakanda Forever
9%
#5 Bohemian Rhapsody
9%
#10 Bridge of Spies
3%
Keine übereinstimmenden Quizze gefunden
Verteilung der Resultate
Anzahl Personen mit jedem Resultat
Perzentil nach korrekt beantworteten Fragen
Ihre Resultats-Entwicklung
Sie haben dieses Quiz noch nicht gespielt